000 00536nam a2200157 a 4500
001 000026380
005 20260305073956.0
008 110315s1991 dr ac r 000 0 spa d
040 _aDO-SdBNP
_bspa
_cBNPHU
082 _axxxx
_bxxxx
100 1 _aFernández, Leonel,
_d1953-
_97291
245 1 0 _aRaíces de un poder usurpado :
_bradiografía del proceso electoral dominicano del 1990 /
_cLeonel Fernández.
260 _aSanto Domingo :
_bAlfa& Omega,
_c1991.
300 _a132 p. :
_bil., retrs. ;
_c21 cm.
590 _aInventariado, 2019/BT
999 _c25872
_d25872